| 000 | 00513nam a2200193 a 4500 | ||
|---|---|---|---|
| 005 | 20210219153537.0 | ||
| 008 | 991125n 000 0 spa u | ||
| 035 | _aUPN01000105613 | ||
| 100 | _aMARTIN DEL CAMPO, David | ||
| 222 | _aREVISTA CONAFE | ||
| 245 | _a¿Hacia el fin de las utopías? | ||
| 300 | _a40-43 | ||
| 362 | _a1992 No. 6, abr.-jun. | ||
| 653 | 0 | _aDESARROLLO CIENTIFICO Y TECNOLOGICO | |
| 653 | 0 | _aFILOSOFIA | |
| 653 | 0 | _aFILOSOFIA EDUCATIVA | |
| 904 |
_aAC _b043424 |
||
| 905 | _aArticulo | ||
| 999 |
_c79561 _d79561 |
||